[Event "Imola Ferrari Cup 1st"]
[Site "Imola"]
[Date "2021.12.05"]
[Round "5"]
[White "Signorelli, Gaetano"]
[Black "Ceccarini, Marco"]
[Result "1-0"]
[WhiteElo "2207"]
[BlackElo "2010"]
[PlyCount "67"]
[EventDate "2021.12.03"]
[EventType "swiss"]
[EventRounds "5"]
[EventCountry "ITA"]
[SourceTitle "EXT 2023"]
[Source "ChessBase"]
[SourceDate "2022.10.05"]
[SourceVersion "1"]
[SourceVersionDate "2022.10.05"]
[SourceQuality "1"]

1. c4 f5 2. Nc3 Nf6 3. d4 g6 4. h4 d6 5. h5 Nxh5 6. Rxh5 gxh5 7. e4 c6 8. Qxh5+ Kd7 9. exf5 Qe8 10. Qh2 Kc7 11. Bd3 Qf7 12. Qh3 Bg7 13. Nf3 h6 14. Bf4 Na6 15. a3 Bd7 16. b4 Raf8 17. Qh4 Re8 18. 0-0-0 Bxf5 19. Bxf5 Qxf5 20. c5 Rhf8 21. Bg3 h5 22. Re1 Bf6 23. Qh2 Kc8 24. Ne4 dxc5 25. dxc5 Rd8 26. Nxf6 exf6 27. Bd6 Rfe8 28. Rd1 Re4 29. Nd4 Qxf2 30. Qxh5 Rxd6 31. cxd6 Qe3+ 32. Kc2 c5 33. d7+ Kc7 34. d8Q+ 1-0

[Event "Bassano del Grappa Vergani Cup Elitte-A"]
[Site "Bassano del Grappa"]
[Date "2021.01.07"]
[Round "8"]
[White "Ceccarini, Marco"]
[Black "Calavalle, Giulio"]
[Result "0-1"]
[WhiteElo "1972"]
[BlackElo "2212"]
[PlyCount "100"]
[EventDate "2021.01.03"]
[EventType "swiss"]
[EventRounds "9"]
[EventCountry "ITA"]
[SourceTitle "EXT 2022"]
[Source "ChessBase"]
[SourceDate "2021.10.06"]
[SourceVersion "1"]
[SourceVersionDate "2021.10.06"]
[SourceQuality "1"]

1. e4 c5 2. Nf3 a6 3. c3 d6 4. d4 cxd4 5. cxd4 Nf6 6. Nc3 g6 7. Bg5 h6 8. Be3 Bg7 9. Qd2 b5 10. a3 Bb7 11. Bd3 Nc6 12. h3 Na5 13. Rd1 Rc8 14. 0-0 Nc4 15. Bxc4 Rxc4 16. Qd3 0-0 17. a4 Rb4 18. axb5 axb5 19. Qd2 Kh7 20. e5 Ne8 21. Ne4 Rc4 22. b3 Rc8 23. Nfg5+ hxg5 24. Nxg5+ Kg8 25. e6 f6 26. Nf7 Rxf7 27. exf7+ Kxf7 28. d5 Qd7 29. Bb6 f5 30. Bd4 Bxd4 31. Qxd4 Nf6 32. Rfe1 Bxd5 33. Qh4 Kg7 34. g4 fxg4 35. Qg5 e5 36. h4 Qf5 37. Qe3 Qf3 38. Qxf3 gxf3 39. Rc1 Rxc1 40. Rxc1 Bxb3 41. Rc7+ Kf8 42. Kh2 Ne4 43. Kg1 Bc4 44. Kh2 d5 45. Kh3 d4 46. Kg4 Be2 47. h5 Nxf2+ 48. Kg5 gxh5 49. Kf6 Ng4+ 50. Kg6 f2 0-1

[Event "Bassano del Grappa Vergani Cup Elitte-A"]
[Site "Bassano del Grappa"]
[Date "2021.01.06"]
[Round "6"]
[White "Ceccarini, Marco"]
[Black "Sperat Czar, Nicolas"]
[Result "1/2-1/2"]
[WhiteElo "1972"]
[BlackElo "1775"]
[PlyCount "71"]
[EventDate "2021.01.03"]
[EventType "swiss"]
[EventRounds "9"]
[EventCountry "ITA"]
[SourceTitle "EXT 2022"]
[Source "ChessBase"]
[SourceDate "2021.10.06"]
[SourceVersion "1"]
[SourceVersionDate "2021.10.06"]
[SourceQuality "1"]

1. e4 c5 2. Nf3 d6 3. d4 cxd4 4. Nxd4 Nf6 5. Nc3 a6 6. Bc4 e6 7. Bb3 Nbd7 8. Bg5 Nc5 9. Qe2 Be7 10. f4 0-0 11. 0-0-0 Nxb3+ 12. Nxb3 Qc7 13. Kb1 h6 14. h4 b5 15. e5 Ne8 16. Bxe7 Qxe7 17. g4 b4 18. Ne4 dxe5 19. fxe5 Bb7 20. Nbc5 Bxe4 21. Nxe4 f5 22. exf6 Nxf6 23. Nxf6+ Qxf6 24. g5 Qg6 25. gxh6 Qxh6 26. Rdg1 a5 27. h5 Rf6 28. Rg2 Raf8 29. Rhg1 R8f7 30. Rg6 Qf4 31. Rxf6 Rxf6 32. Qg2 Rf7 33. h6 Qxh6 34. Qa8+ Rf8 35. Qxa5 Qf4 36. Qb5 1/2-1/2

[Event "Bassano del Grappa Vergani Cup Elitte-A"]
[Site "Bassano del Grappa"]
[Date "2021.01.05"]
[Round "5"]
[White "Raccanello, Marianna"]
[Black "Ceccarini, Marco"]
[Result "1/2-1/2"]
[WhiteElo "2119"]
[BlackElo "1972"]
[PlyCount "65"]
[EventDate "2021.01.03"]
[EventType "swiss"]
[EventRounds "9"]
[EventCountry "ITA"]
[SourceTitle "EXT 2022"]
[Source "ChessBase"]
[SourceDate "2021.10.06"]
[SourceVersion "1"]
[SourceVersionDate "2021.10.06"]
[SourceQuality "1"]

1. e4 e5 2. Nf3 Nc6 3. Bc4 Nf6 4. d4 exd4 5. e5 Ng4 6. 0-0 d6 7. exd6 Bxd6 8. Re1+ Kf8 9. c3 dxc3 10. Nxc3 Bf5 11. a3 Bc5 12. Be3 Nxe3 13. fxe3 Qxd1 14. Raxd1 Rd8 15. Rd5 Rxd5 16. Bxd5 Ke7 17. Bxc6 bxc6 18. b4 Bb6 19. Nd4 Bd7 20. Na4 Ra8 21. Rc1 Kd6 22. Nc5 a5 23. Kf2 axb4 24. axb4 Bxc5 25. Rxc5 Rb8 26. Rc4 Rb6 27. e4 Be6 28. Nxe6 fxe6 29. Ke3 Rb8 30. Rd4+ Ke7 31. Rc4 Kd6 32. Rd4+ Ke7 33. Rc4 1/2-1/2

[Event "Imola op 3rd"]
[Site "Imola"]
[Date "2020.12.05"]
[Round "1"]
[White "Gilevich, Artem"]
[Black "Ceccarini, Marco"]
[Result "1-0"]
[WhiteElo "2406"]
[BlackElo "1981"]
[PlyCount "43"]
[EventDate "2020.12.05"]
[EventType "swiss"]
[EventRounds "6"]
[EventCountry "ITA"]
[SourceTitle "CBM 199 Extra"]
[Source "ChessBase"]
[SourceDate "2021.01.31"]
[SourceVersion "1"]
[SourceVersionDate "2021.01.31"]
[SourceQuality "1"]

1. e4 e5 2. Nf3 Nc6 3. d4 exd4 4. Bc4 Nf6 5. e5 Ng4 6. 0-0 d6 7. e6 fxe6 8. Ng5 Nge5 9. Nxe6 Bxe6 10. Bxe6 Qf6 11. Bd5 Nb4 12. Bxb7 Rb8 13. f4 Nec6 14. Bxc6+ Nxc6 15. Qf3 Rb6 16. Nd2 Be7 17. Nc4 Ra6 18. Qd5 Nb8 19. Qb5+ Kf7 20. Ne5+ dxe5 21. fxe5 Qxf1+ 22. Qxf1+ 1-0

[Event "Bratto op 34th"]
[Site "Bratto"]
[Date "2014.08.22"]
[Round "1"]
[White "Ceccarini, Marco"]
[Black "Rambaldi, Francesco"]
[Result "0-1"]
[WhiteElo "2094"]
[BlackElo "2444"]
[PlyCount "70"]
[EventDate "2014.08.22"]
[EventType "swiss"]
[EventRounds "9"]
[EventCountry "ITA"]
[SourceTitle "EXT 2016"]
[Source "ChessBase"]
[SourceDate "2015.10.08"]
[SourceVersion "1"]
[SourceVersionDate "2015.10.08"]
[SourceQuality "1"]

1. e4 e6 2. d4 d5 3. Nc3 Nf6 4. Bg5 dxe4 5. Nxe4 Be7 6. Nxf6+ Bxf6 7. Bxf6 Qxf6 8. c3 0-0 9. Qf3 Qe7 10. Bd3 c5 11. Nh3 g6 12. dxc5 Nd7 13. b4 Ne5 14. Qg3 Nxd3+ 15. Qxd3 b6 16. Qd6 Qxd6 17. cxd6 Bb7 18. f3 Rac8 19. Kd2 Rfd8 20. Kc2 Rxd6 21. Rhd1 Rdc6 22. Rd3 Ba6 23. Re3 Bc4 24. Nf2 a5 25. bxa5 bxa5 26. Ne4 f5 27. Nd2 f4 28. Re4 Bd5 29. Rxf4 Rxc3+ 30. Kd1 Ra3 31. h4 Kg7 32. h5 gxh5 33. Ke2 Rc2 34. Rh4 Kg6 35. g4 Bxf3+ 0-1

[Event "Lake Maggiore op 1st"]
[Site "Arolo di Leggiuno"]
[Date "2014.06.01"]
[Round "5"]
[White "Moroni, Luca Jr"]
[Black "Ceccarini, Marco"]
[Result "1-0"]
[WhiteElo "2327"]
[BlackElo "2095"]
[PlyCount "147"]
[EventDate "2014.05.30"]
[EventType "swiss"]
[EventRounds "5"]
[EventCountry "ITA"]
[SourceTitle "CBM 160 Extra"]
[Source "ChessBase"]
[SourceDate "2014.07.01"]
[SourceVersion "1"]
[SourceVersionDate "2014.07.01"]
[SourceQuality "1"]

1. Nf3 f5 2. c4 Nf6 3. g3 g6 4. b3 Bg7 5. Bb2 0-0 6. Bg2 d6 7. d4 Ne4 8. Nbd2 c5 9. 0-0 Nc6 10. e3 Qa5 11. Nxe4 fxe4 12. Ne1 cxd4 13. exd4 d5 14. Nc2 e6 15. Ne3 Bh6 16. Ng4 Bg7 17. Ne3 Bh6 18. Qe2 Bd7 19. Rfc1 Bxe3 20. Qxe3 Ne7 21. Bc3 Qb6 22. Qd2 Rf7 23. Ba5 Qa6 24. Bb4 Raf8 25. Bxe7 Rxe7 26. Qb4 Ref7 27. Rc2 Bc6 28. Qd6 Rf6 29. Bh3 Bb5 30. Qc5 Bc6 31. Bf1 Qb6 32. Qxb6 axb6 33. a4 Rf3 34. b4 e3 35. fxe3 Bxa4 36. Rc3 Bc6 37. Bg2 R3f5 38. b5 Be8 39. e4 dxe4 40. Bxe4 Rf2 41. Bxb7 Rd2 42. c5 Bxb5 43. c6 Rxd4 44. Rb1 Ba4 45. c7 Bd7 46. c8Q Bxc8 47. Rxc8 Rxc8 48. Bxc8 Rd6 49. Rb5 Kg7 50. Bb7 Kf6 51. Kg2 h6 52. Kf3 g5 53. Kg4 Rd4+ 54. Kh5 Rd2 55. h4 gxh4 56. gxh4 Rd7 57. Rxb6 Rd4 58. Rc6 Rb4 59. Bc8 Re4 60. Rc7 Ke5 61. Rh7 Kf4 62. Rg7 Ke5 63. Rg6 Rc4 64. Bxe6 Rf4 65. Bg4 Rf8 66. Kxh6 Kf4 67. h5 Rf7 68. Be6 Re7 69. Rf6+ Ke5 70. Kg6 Ra7 71. h6 Re7 72. Bf7 Ra7 73. h7 Ra8 74. Re6+ 1-0

[Event "Novara op-A"]
[Site "Novara"]
[Date "2013.11.03"]
[Round "5"]
[White "Ceccarini, Marco"]
[Black "Cafaro, Luca"]
[Result "1-0"]
[WhiteElo "2085"]
[BlackElo "1983"]
[PlyCount "25"]
[EventDate "2013.11.01"]
[EventType "swiss"]
[EventRounds "5"]
[EventCountry "ITA"]
[SourceTitle "EXT 2014"]
[Source "ChessBase"]
[SourceDate "2013.11.20"]
[SourceVersion "1"]
[SourceVersionDate "2013.11.20"]
[SourceQuality "1"]

1. e4 e5 2. Bc4 Nf6 3. d4 exd4 4. Nf3 d5 5. exd5 Nxd5 6. 0-0 Nc6 7. Nxd4 Nxd4 8. Qxd4 Be6 9. Re1 c6 10. Nc3 Be7 11. Nxd5 cxd5 12. Qxg7 Bf6 13. Rxe6+ 1-0

[Event "Novara op-A"]
[Site "Novara"]
[Date "2013.11.02"]
[Round "2"]
[White "Angelini, Marco"]
[Black "Ceccarini, Marco"]
[Result "0-1"]
[WhiteElo "2263"]
[BlackElo "2085"]
[PlyCount "99"]
[EventDate "2013.11.01"]
[EventType "swiss"]
[EventRounds "5"]
[EventCountry "ITA"]
[SourceTitle "EXT 2014"]
[Source "ChessBase"]
[SourceDate "2013.11.20"]
[SourceVersion "1"]
[SourceVersionDate "2013.11.20"]
[SourceQuality "1"]

1. e4 e5 2. Nf3 Nc6 3. Bc4 Nf6 4. d3 h6 5. c3 d6 6. Nbd2 g6 7. Nf1 Bg7 8. Ng3 Qe7 9. 0-0 0-0 10. Re1 Na5 11. Bb5 a6 12. Ba4 b5 13. Bc2 c5 14. a4 b4 15. cxb4 cxb4 16. d4 Bg4 17. d5 Nd7 18. h3 Bxf3 19. Qxf3 Rfc8 20. Qe2 Nc5 21. Be3 Rc7 22. Rac1 Rac8 23. Bd1 Nab7 24. Qd2 Kh7 25. Be2 a5 26. Bb5 Nb3 27. Rxc7 Qxc7 28. Qe2 Qc2 29. Bc6 Qxe2 30. Rxe2 N7c5 31. Rc2 Nd4 32. Bxd4 exd4 33. Bb5 Rb8 34. f3 d3 35. Rd2 Bc3 36. Rd1 Bxb2 37. Nf1 Bd4+ 38. Kh1 b3 39. Nd2 Bc3 40. Nc4 b2 41. Rb1 d2 42. Nxd6 Nb3 43. Be2 d1Q+ 44. Bxd1 Nd2 45. Bc2 Nxb1 46. Bxb1 Rb4 47. Nb5 Be5 48. g3 Rxa4 49. Kg2 Ra1 50. Bd3 0-1

[Event "Lombardia Region-ch"]
[Site "Saronno"]
[Date "2013.05.26"]
[Round "4"]
[White "Guzzetti, Luigi Enrico"]
[Black "Ceccarini, Marco"]
[Result "0-1"]
[WhiteElo "1891"]
[BlackElo "2074"]
[PlyCount "44"]
[EventDate "2013.05.24"]
[EventType "swiss"]
[EventRounds "5"]
[EventCountry "ITA"]
[SourceTitle "EXT 2015"]
[Source "ChessBase"]
[SourceDate "2014.11.20"]
[SourceVersion "1"]
[SourceVersionDate "2014.11.20"]
[SourceQuality "1"]

1. e4 e5 2. Nf3 Nc6 3. Bb5 a6 4. Ba4 Nf6 5. 0-0 Nxe4 6. Re1 Nc5 7. Nxe5 Nxe5 8. Rxe5+ Be7 9. c4 Nxa4 10. Qxa4 0-0 11. Nc3 Bd6 12. Re1 Qh4 13. h3 Qf4 14. g3 Qf5 15. Kg2 b5 16. cxb5 Bb7+ 17. Ne4 axb5 18. Qc2 Rfe8 19. d3 Re6 20. Bd2 Qd5 21. f3 f5 22. Ng5 h6 0-1

[Event "Novara op 2nd"]
[Site "Novara"]
[Date "2012.11.04"]
[Round "4"]
[White "Stella, Andrea"]
[Black "Ceccarini, Marco"]
[Result "1-0"]
[WhiteElo "2454"]
[BlackElo "2071"]
[PlyCount "69"]
[EventDate "2012.11.02"]
[EventType "swiss"]
[EventRounds "5"]
[EventCountry "ITA"]
[SourceTitle "EXT 2013"]
[Source "ChessBase"]
[SourceDate "2012.11.22"]
[SourceVersion "1"]
[SourceVersionDate "2012.11.22"]
[SourceQuality "1"]

1. Nf3 f5 2. c4 Nf6 3. g3 g6 4. Bg2 Bg7 5. 0-0 0-0 6. Nc3 d6 7. d3 Nc6 8. Rb1 e5 9. b4 h6 10. b5 Ne7 11. a4 Rb8 12. c5 Be6 13. cxd6 cxd6 14. Ba3 Ned5 15. Nxd5 Nxd5 16. Rc1 Rf7 17. Nd2 Rd7 18. Nc4 Nb6 19. Nxb6 Qxb6 20. Qd2 a6 21. Rb1 a5 22. Rfc1 Rdd8 23. Bb2 d5 24. e3 d4 25. exd4 e4 26. dxe4 Bxd4 27. Qxh6 Ba2 28. Bxd4 Rxd4 29. Ra1 Rbd8 30. Rxa2 Rd1+ 31. Rxd1 Rxd1+ 32. Bf1 Qe6 33. Rd2 Rxf1+ 34. Kxf1 Qc4+ 35. Kg1 1-0

[Event "Bratto op-B 32nd"]
[Site "Bratto"]
[Date "2012.08.22"]
[Round "5"]
[White "Ceccarini, Marco"]
[Black "Casagrande, Fabio"]
[Result "1-0"]
[WhiteElo "2058"]
[BlackElo "1981"]
[PlyCount "68"]
[EventDate "2012.08.18"]
[EventType "swiss"]
[EventRounds "9"]
[EventCountry "ITA"]
[SourceTitle "EXT 2014"]
[Source "ChessBase"]
[SourceDate "2013.11.20"]
[SourceVersion "1"]
[SourceVersionDate "2013.11.20"]
[SourceQuality "1"]

1. e4 e6 2. d4 d5 3. Nc3 Nf6 4. Bg5 dxe4 5. Nxe4 Be7 6. Nxf6+ Bxf6 7. Bxf6 Qxf6 8. c3 Bd7 9. Nf3 Nc6 10. Bd3 0-0-0 11. 0-0 g5 12. Qe2 h5 13. Ne5 Nxe5 14. dxe5 Qf4 15. Qe3 Bc6 16. Rad1 Qg4 17. f3 Qa4 18. b3 Qa5 19. b4 Qa4 20. b5 Bd5 21. Rd2 Bc4 22. Rfd1 Bxd3 23. Rxd3 Qxb5 24. Rxd8+ Rxd8 25. Rxd8+ Kxd8 26. Qxg5+ Kd7 27. Qxh5 Qb1+ 28. Kf2 Qxa2+ 29. Kg3 Ke8 30. Qh8+ Ke7 31. Qf6+ Ke8 32. h4 Qa5 33. h5 Qa4 34. h6 Qa1 1-0

[Event "Bratto op-B 32nd"]
[Site "Bratto"]
[Date "2012.08.20"]
[Round "3"]
[White "Ceccarini, Marco"]
[Black "Bresciani, Nicola"]
[Result "0-1"]
[WhiteElo "2058"]
[BlackElo "2255"]
[PlyCount "84"]
[EventDate "2012.08.18"]
[EventType "swiss"]
[EventRounds "9"]
[EventCountry "ITA"]
[SourceTitle "EXT 2014"]
[Source "ChessBase"]
[SourceDate "2013.11.20"]
[SourceVersion "1"]
[SourceVersionDate "2013.11.20"]
[SourceQuality "1"]

1. e4 c5 2. Nc3 Nc6 3. g3 g6 4. Bg2 Bg7 5. d3 e6 6. Be3 d6 7. Qd2 Rb8 8. Nge2 Nd4 9. Bxd4 cxd4 10. Nb5 Qb6 11. Qb4 Ke7 12. Qb3 Bd7 13. Na3 Qa5+ 14. c3 b5 15. Qb4 Qxb4 16. cxb4 Nh6 17. Bh3 Rhc8 18. 0-0 Rc7 19. Rfc1 Rbc8 20. Rxc7 Rxc7 21. Rc1 Rxc1+ 22. Nxc1 f5 23. f3 Nf7 24. Ne2 a6 25. Nc2 Ne5 26. Ne1 Nc6 27. a3 Bh6 28. Nc2 e5 29. g4 fxe4 30. fxe4 Be6 31. Ne1 Bb3 32. Nf3 Be3+ 33. Kf1 Bc2 34. Ne1 Bb1 35. g5 Bxg5 36. Bc8 Nb8 37. Bb7 Ba2 38. Nf3 Be3 39. h4 h6 40. Bc8 Bb1 41. Ne1 Ba2 42. Bg4 Bb3 0-1

[Event "Bratto op 31st"]
[Site "Bratto"]
[Date "2011.08.23"]
[Round "4"]
[White "Ceccarini, Marco"]
[Black "Dritsakos, Alessio"]
[Result "1-0"]
[WhiteElo "2052"]
[BlackElo "2004"]
[PlyCount "79"]
[EventDate "2011.08.20"]
[EventType "swiss"]
[EventRounds "9"]
[EventCountry "ITA"]
[SourceTitle "EXT 2022"]
[Source "ChessBase"]
[SourceDate "2021.10.06"]
[SourceVersion "1"]
[SourceVersionDate "2021.10.06"]
[SourceQuality "1"]

1. e4 e5 2. Bc4 Nf6 3. d4 exd4 4. Nf3 Nc6 5. 0-0 Nxe4 6. Re1 d5 7. Bxd5 Qxd5 8. Nc3 Qa5 9. Nxe4 Be6 10. Neg5 0-0-0 11. Nxe6 fxe6 12. Rxe6 Bd6 13. Qe2 Kd7 14. Bd2 Qf5 15. Re4 Rhe8 16. Re1 Rxe4 17. Qxe4 Qxe4 18. Rxe4 Re8 19. Rxe8 Kxe8 20. Kf1 Ke7 21. Ke2 g6 22. Kd3 Ne5+ 23. Nxe5 Bxe5 24. Ke4 Ke6 25. f4 Bf6 26. g4 c5 27. f5+ gxf5+ 28. gxf5+ Kf7 29. b3 Be7 30. Bf4 Kf6 31. Be5+ Kg5 32. Bb8 a6 33. Kd5 b5 34. Ke6 Bf8 35. f6 Kg6 36. f7 Bh6 37. Bd6 c4 38. f8Q Bxf8 39. Bxf8 a5 40. Bc5 1-0

[Event "Bratto op 31st"]
[Site "Bratto"]
[Date "2011.08.20"]
[Round "1"]
[White "Krzyzanowski, Marcin"]
[Black "Ceccarini, Marco"]
[Result "1-0"]
[WhiteElo "2370"]
[BlackElo "2052"]
[PlyCount "62"]
[EventDate "2011.08.20"]
[EventType "swiss"]
[EventRounds "9"]
[EventCountry "ITA"]
[SourceTitle "EXT 2022"]
[Source "ChessBase"]
[SourceDate "2021.10.06"]
[SourceVersion "1"]
[SourceVersionDate "2021.10.06"]
[SourceQuality "1"]

1. e4 e5 2. Nf3 Nc6 3. Bb5 a6 4. Bxc6 dxc6 5. 0-0 Be7 6. h3 Bf6 7. d4 exd4 8. e5 Be7 9. Nxd4 c5 10. Ne2 Qxd1 11. Rxd1 Bf5 12. Na3 h5 13. Be3 Nh6 14. Nf4 Be6 15. Nxh5 Nf5 16. Nf4 Nxe3 17. fxe3 b5 18. c3 Rd8 19. Rxd8+ Bxd8 20. Nc2 c6 21. Ne1 Bc7 22. Ned3 Bc4 23. Nxc5 Bxe5 24. Rd1 g5 25. Nfd3 Bf6 26. Nb4 Be7 27. Nbxa6 Bxa2 28. Rd7 Bf6 29. Ra7 0-0 30. Nd7 Kg7 31. Nxf8 Kxf8 1-0

[Event "Livorno op 7th"]
[Site "Livorno"]
[Date "2011.07.02"]
[Round "2"]
[White "Giuntoli, Matteo"]
[Black "Ceccarini, Marco"]
[Result "0-1"]
[WhiteElo "1938"]
[BlackElo "2052"]
[PlyCount "86"]
[EventDate "2011.07.01"]
[EventType "swiss"]
[EventRounds "5"]
[EventCountry "ITA"]
[SourceTitle "EXT 2014"]
[Source "ChessBase"]
[SourceDate "2013.11.20"]
[SourceVersion "1"]
[SourceVersionDate "2013.11.20"]
[SourceQuality "1"]

1. d4 f5 2. c4 Nf6 3. Nf3 g6 4. g3 Bg7 5. Bg2 0-0 6. Nc3 d6 7. 0-0 Nc6 8. d5 Na5 9. Nd2 c5 10. e4 fxe4 11. Ncxe4 Nxe4 12. Bxe4 Bh3 13. Bg2 Qd7 14. Qe2 Bd4 15. Nb3 Bg4 16. Qd3 Nxb3 17. axb3 Qf5 18. Qxf5 Bxf5 19. Bg5 Rf7 20. Rfe1 Bxb2 21. Ra2 Bc3 22. Re6 Bf6 23. Bxf6 Bxe6 24. Bxe7 Rxe7 25. dxe6 Kg7 26. Bd5 a6 27. Kg2 Rf8 28. h3 Rf5 29. f4 h6 30. Re2 b5 31. Ra2 bxc4 32. bxc4 Ra7 33. Rxa6 Rxa6 34. e7 Rf8 35. exf8Q+ Kxf8 36. Kf3 Ra3+ 37. Kg4 Kg7 38. f5 g5 39. h4 Kf6 40. Be6 h5+ 41. Kh3 g4+ 42. Kg2 Rf3 43. Bd7 Rxf5 0-1

[Event "Venice Autumn op 15th"]
[Site "Venice"]
[Date "2009.11.01"]
[Round "5"]
[White "Redo, Giorgio"]
[Black "Ceccarini, Marco"]
[Result "1-0"]
[WhiteElo "2126"]
[BlackElo "2087"]
[PlyCount "81"]
[EventDate "2009.10.30"]
[EventType "swiss"]
[EventRounds "5"]
[EventCountry "ITA"]
[SourceTitle "EXT 2012"]
[Source "ChessBase"]
[SourceDate "2011.11.24"]
[SourceVersion "1"]
[SourceVersionDate "2011.11.24"]
[SourceQuality "1"]

1. f4 g6 2. Nf3 Bg7 3. e3 f5 4. Be2 Nf6 5. 0-0 0-0 6. b3 Ne4 7. c3 b6 8. Bb2 Bb7 9. d3 Nf6 10. c4 d6 11. h3 e6 12. Nd4 Qd7 13. Bf3 c6 14. Nd2 d5 15. Qe2 c5 16. Nc2 Nc6 17. Rad1 Rfe8 18. g4 e5 19. g5 Nh5 20. Bxd5+ Kh8 21. Qg2 exf4 22. Bxg7+ Kxg7 23. exf4 Re7 24. Qf2 Nd4 25. Nxd4 Bxd5 26. cxd5 cxd4 27. Qxd4+ Kg8 28. Rde1 Rae8 29. Kf2 Qd6 30. Rxe7 Qxe7 31. Kg2 Qd6 32. Nc4 Re2+ 33. Kf3 Qe7 34. d6 Qb7+ 35. Kxe2 Ng3+ 36. Kf2 Nh1+ 37. Ke1 Qg2 38. d7 Qg3+ 39. Kd1 Nf2+ 40. Rxf2 Qg1+ 41. Ke2 1-0

[Event "Venice Autumn op 15th"]
[Site "Venice"]
[Date "2009.10.31"]
[Round "2"]
[White "Ceccarini, Marco"]
[Black "Zoldan, Matteo"]
[Result "0-1"]
[WhiteElo "2087"]
[BlackElo "2190"]
[PlyCount "77"]
[EventDate "2009.10.30"]
[EventType "swiss"]
[EventRounds "5"]
[EventCountry "ITA"]
[SourceTitle "EXT 2012"]
[Source "ChessBase"]
[SourceDate "2011.11.24"]
[SourceVersion "1"]
[SourceVersionDate "2011.11.24"]
[SourceQuality "1"]

1. e4 c5 2. Nf3 Nc6 3. Bb5 Na5 4. Nc3 a6 5. Be2 d6 6. d4 cxd4 7. Nxd4 Nf6 8. Bg5 e6 9. Qd2 Be7 10. Nb3 0-0 11. 0-0 h6 12. Bxf6 Bxf6 13. Rad1 Nxb3 14. axb3 Be7 15. Qf4 Qc7 16. Rd3 Bd7 17. Rfd1 Bc6 18. Rf3 Kh8 19. Rh3 g5 20. Qg4 Kg7 21. Qh5 Rh8 22. Rf1 Raf8 23. f4 Be8 24. Qf3 Qc5+ 25. Kh1 b5 26. Bd3 Bc6 27. Qh5 gxf4 28. Qg4+ Qg5 29. Rxf4 Qxg4 30. Rxg4+ Kf6 31. Rf3+ Ke5 32. Rh3 h5 33. Rgg3 h4 34. Re3 Rhg8 35. Ne2 Rg4 36. Ng1 Rfg8 37. Nf3+ Kf4 38. Re2 f5 39. Nd4 0-1

[Event "Pavia op"]
[Site "Pavia"]
[Date "2009.02.14"]
[Round "4"]
[White "Astengo, Marcello"]
[Black "Ceccarini, Marco"]
[Result "0-1"]
[WhiteElo "2123"]
[BlackElo "2091"]
[PlyCount "68"]
[EventDate "2009.02.13"]
[EventType "swiss"]
[EventRounds "5"]
[EventCountry "ITA"]
[SourceTitle "CBM 129 Extra"]
[Source "ChessBase"]
[SourceDate "2009.05.05"]
[SourceVersion "2"]
[SourceVersionDate "2009.05.20"]
[SourceQuality "1"]

1. d4 g6 2. c4 Bg7 3. e4 d6 4. Nc3 Nc6 5. Be3 e5 6. d5 Nce7 7. c5 f5 8. cxd6 cxd6 9. Qa4+ Kf8 10. f3 Bh6 11. Bxh6+ Nxh6 12. Qb4 a6 13. Bd3 Kg7 14. a4 Rf8 15. h3 fxe4 16. fxe4 Neg8 17. Nf3 Nf6 18. Rc1 Nh5 19. Ne2 Nf4 20. Nxf4 Rxf4 21. 0-0 g5 22. Qc3 Rf7 23. g4 Qb6+ 24. Kg2 Bxg4 25. Nxe5 Bxh3+ 26. Kxh3 dxe5 27. Qxe5+ Kg8 28. Qxg5+ Rg7 29. Qf6 Qe3+ 30. Qf3 Qd4 31. Rcd1 Nf7 32. Bb1 Ng5+ 33. Kg3 Nxf3+ 34. Kxf3 Rf8+ 0-1

[Event "Pavia op"]
[Site "Pavia"]
[Date "2009.02.14"]
[Round "3"]
[White "Ceccarini, Marco"]
[Black "Finocchiaro, Gianluca"]
[Result "1-0"]
[WhiteElo "2091"]
[BlackElo "2060"]
[PlyCount "95"]
[EventDate "2009.02.13"]
[EventType "swiss"]
[EventRounds "5"]
[EventCountry "ITA"]
[SourceTitle "CBM 129 Extra"]
[Source "ChessBase"]
[SourceDate "2009.05.05"]
[SourceVersion "2"]
[SourceVersionDate "2009.05.20"]
[SourceQuality "1"]

1. e4 d5 2. exd5 Qxd5 3. Nf3 Bg4 4. Be2 Nc6 5. d4 0-0-0 6. c4 Qf5 7. Be3 Bxf3 8. Bxf3 Nxd4 9. Bg4 Nc2+ 10. Qxc2 Qxg4 11. 0-0 Nf6 12. Na3 a6 13. b4 e6 14. Qa4 Bd6 15. c5 Bxh2+ 16. Kxh2 Qh4+ 17. Kg1 Rd5 18. f3 Rh5 19. c6 Qh2+ 20. Kf2 Nd5 21. cxb7+ Kxb7 22. Rh1 Qe5 23. Nc4 Qc3 24. Rac1 Rxh1 25. Rxc3 Nxc3 26. Qd7 Nd1+ 27. Ke2 Nc3+ 28. Kf2 Nd1+ 29. Kg3 Nxe3 30. Nxe3 Rc1 31. Qxf7 h5 32. Qxg7 h4+ 33. Kg4 Rd8 34. Kxh4 Rd3 35. Qe5 Rd8 36. Qxe6 Re1 37. Kg3 Rd2 38. Qe4+ Kb8 39. a4 Rde2 40. Kf4 Rh1 41. b5 axb5 42. Qe8+ Ka7 43. Qxb5 Ra2 44. Nd5 Rc1 45. Nb4 Rxg2 46. a5 Rh2 47. Kg3 Rd2 48. Nc6+ 1-0

[Event "Isola d'Elba op 26th"]
[Site "Isola d'Elba"]
[Date "2008.05.10"]
[Round "4"]
[White "Ortega, Lexy"]
[Black "Ceccarini, Marco"]
[Result "1-0"]
[WhiteElo "2459"]
[BlackElo "2077"]
[PlyCount "79"]
[EventDate "2008.05.10"]
[EventType "swiss"]
[EventRounds "9"]
[EventCountry "ITA"]
[SourceTitle "CBM 124 Extra"]
[Source "ChessBase"]
[SourceDate "2008.07.03"]
[SourceVersion "1"]
[SourceVersionDate "2008.07.03"]
[SourceQuality "1"]

1. d4 g6 2. e4 Bg7 3. Nf3 d6 4. Nc3 Nf6 5. Be3 c6 6. Qd2 Ng4 7. Bg5 h6 8. Bh4 b5 9. 0-0-0 b4 10. Nb1 a5 11. Qe1 Nf6 12. e5 Nd5 13. exd6 Qxd6 14. Nbd2 Be6 15. Nc4 Qf4+ 16. Kb1 Qc7 17. Bg3 Qb7 18. Nfe5 a4 19. a3 bxa3 20. Nxa3 Nd7 21. Nxg6 c5 22. Bb5 Bxd4 23. Rxd4 cxd4 24. Nxh8 Bf5 25. Qe5 Qxb5 26. Nxb5 Nxe5 27. Nxd4 Nc4 28. Nxf5 a3 29. b3 a2+ 30. Ka1 Nb4 31. bxc4 Nxc2+ 32. Kb2 a1Q+ 33. Rxa1 Nxa1 34. Nxh6 f6 35. Ng6 e5 36. h4 Rc8 37. Nf5 Kd8 38. h5 Rxc4 39. h6 Rc7 40. Ng7 1-0